00637nam a22001457a 4500003000400000082001900004100001800023245021300041260004500254300000800299650004300307942001200350952011200362999001700474SGT a617.6342bC25J aJain, Nimisha aComparative Evaluation of the effect of oral premedication with a single dose of Ketorolac, dexamethasone and intensity of post operative endodontic painbA double blinded randomized controlled clinical trial aGurugram, HaryanabSGT University c2025 a115 aConservative Dentistry and Endodontics 2ddccTH 00102ddc405171aFDbFDd2025-07-08iSGTUl0o617.6342 C25JpDT2275r2025-07-08 00:00:00w2025-07-08yTH c32070d32070